| 000 | 00436nam a22001577a 4500 | ||
|---|---|---|---|
| 008 | 240313b |||||||| |||| 00| 0 eng d | ||
| 020 | _a81-239-1155-6 | ||
| 050 |
_aQM 23 .C354 2004 V.1 _b2 |
||
| 100 | _aCHAURASIA'S,B D | ||
| 245 | _aHUMAN ANATOMY: REGIONAL AND APPLIED DISSECTION AND CLINICAL | ||
| 250 | _a4TH | ||
| 260 |
_aNEW DELHI _bBANGALORE _c2004 |
||
| 300 | _aXV,288P.ILL: | ||
| 500 | _aINCLUDES INDEX | ||
| 942 |
_2lcc _cBK |
||
| 999 |
_c209523 _d209523 |
||